| 000 | 00497nam a2200217Ia 4500 | ||
|---|---|---|---|
| 003 | OSt | ||
| 005 | 20240823164039.0 | ||
| 006 | a|||||r|||| 00| 0 | ||
| 007 | ta | ||
| 008 | 221004b |||||||| |||| 00| 0 mal d | ||
| 024 | _a62837 | ||
| 037 | _cTextual | ||
| 040 |
_aCRL _cCRL _bmal |
||
| 041 |
_2mal _amal |
||
| 082 | _awN15, 35N1 | ||
| 245 | 0 | _astory of my generation | |
| 260 | _c1991 | ||
| 650 | _aBIOGRAPHY | ||
| 942 |
_hwN15, 35N1 _cTEXL |
||
| 999 |
_c1061030 _d1061030 |
||